Political parties

محفوظ في:
التفاصيل البيبلوغرافية
المؤلف الرئيسي: Duverger Maurice
التنسيق: كتاب
منشور في: London : Methuen & co ltd. 1954.
الموضوعات:
الوسوم: إضافة وسم
لا توجد وسوم, كن أول من يضع وسما على هذه التسجيلة!

MARC

LEADER 00000nam a22000007a 4500
020 |a NA  |c NA 
040 |a MUL  |b eng.  |e AACR 
082 |a 329.02 DUV 
100 |a Duverger Maurice 
245 |a Political parties  |c / Maurice Duverger, foreword by D.W. Brogan 
260 |a London :  |b Methuen & co ltd.  |c 1954. 
300 |a xxxvii, 439 p. :  |b ill , ;  |c 23 cm. 
504 |a Includes index. 
546 |a eng. 
650 |a Political parties 
942 |c BK 
999 |c 10343  |d 10343